01088 2200337 4500001002100000005001500021035002000036007000300056040001600059100003800075245017100113250001100284300003500295020001800330041000800348082001100356084001700367090001900384264004300403336002100446337003000467338002300497650001800520850001000538008004100548700005000589700004500639990002200684990002200706990002200728INLIS00000000000469320260524031839 a0010-0122000325ta aSPBUPDbind0 aDennis Lardner CarmodyePengarang1 aJejak Rohani Sang Guru Suci :bMemahami Spiritualitas Budha, Konfusius, Yesus, Muhammad /cDennis Lardner Carmody, John Tully Carmody ; Penerjemah, Tri Budhi Sastrio aCet. 2 ax, 290 Hal. :billus. ;c23 cm a979-421-803-0 aind a291.21 a291.21 DEN j a291 BAK r 2-24 aJakarta :bRajagrafindo Persada,c2003 2rdacontentaTeks 2rdamediaaTanpa Perantara 2rdacarrieravolume 4aSpiritualisme aPUPAD260524 0  aPengarang ke-2, John Tully CarmodyePengarang aPenerjemah, Tri Budhi SastrioePengarang a1281/BR/KAPD/2011 a1282/BR/KAPD/2011 a1280/BR/KAPD/2011